LEADER 00704nam0-22002771i-450- 001 990000996560403321 035 $a000099656 035 $aFED01000099656 035 $a(Aleph)000099656FED01 035 $a000099656 100 $a20000920d1964----km-y0itay50------ba 101 0 $aeng 200 1 $aInventing the Future$fDennis Gabor 210 $aNew York$cAlfred A. Knopf$d1964 215 $a237 p.$d21 cm 610 0 $aMiscellanea 676 $a082 700 1$aGabor,$bDennis$026012 801 0$aIT$bUNINA$gRICA$2UNIMARC 901 $aBK 912 $a990000996560403321 952 $a41-001$b5274$fFI1 959 $aFI1 996 $aInventing the Future$9354151 997 $aUNINA DB $aING01 LEADER 00883nam0-22003011i-450- 001 990001852260403321 005 20021010 035 $a000185226 035 $aFED01000185226 035 $a(Aleph)000185226FED01 035 $a000185226 100 $a20021010d--------km-y0itay50------ba 101 0 $aita 200 1 $aNuovo tappo idraulico per chiusura permanente delle botti$fG. Palmegiani. 210 $aBologna$c...$d1867. 215 $a13 p.$c1 tav.$d22 cm 300 $aEstr. da: Giornale d' agricoltura del Regno d' Italia, 7, 1867 610 0 $aEnologia 676 $a663 700 1$aPalmegiani,$bG.$0358214 801 0$aIT$bUNINA$gRICA$2UNIMARC 901 $aBK 912 $a990001852260403321 952 $a60 MISC. B 80/3$b$fFAGBC 959 $aFAGBC 996 $aNuovo tappo idraulico per chiusura permanente delle botti$9413634 997 $aUNINA DB $aING01